| 000 | 00417nam a2200181Ia 4500 | ||
|---|---|---|---|
| 001 | 10117 | ||
| 005 | 20260306161808.0 | ||
| 008 | 260306t2017||||xx |||||||||||||| ||spa|| | ||
| 041 | _aESP | ||
| 082 |
_aJP 895.6 _bI474 |
||
| 100 |
_aIshiguro, Kazuo _eAUT |
||
| 245 | 0 | _aEl gigante enterrado | |
| 260 | _c2017 | ||
| 300 |
_a364 páginas : _c22 cm. |
||
| 650 | _aGEN | ||
| 654 | _aCHU | ||
| 942 |
_cLIB _dJUS _fJUS _2ddc _n |
||
| 999 |
_c10117 _d10117 |
||